| 000 | 00563nam a22001457a 4500 | ||
|---|---|---|---|
| 008 | 230622b |||||||| |||| 00| 0 eng d | ||
| 040 |
_aNational Science Library _cNational Science Library |
||
| 080 |
_a628.1(1-22)(082.2) _bM7 |
||
| 245 |
_aTechnology mission on drinking water in villages and related water management _c/ Proceedings chief engineers conference 28-29 July, 1987 |
||
| 260 |
_aNagpur: _bNational Environmental Engineering Research Institute, _c1987 |
||
| 300 | _a115p. | ||
| 650 | _aProceedings | ||
| 700 | _aGadgil, J S (Ed.) | ||
| 942 |
_2udc _cPR |
||
| 999 |
_c46121 _d46121 |
||